Le problème moral (Record no. 563503)
[ view plain ]
| 000 -CABECERA | |
|---|---|
| Campo de control de longitud fija | 00428nab a2200145Ia 4500 |
| 003 - IDENTIFICADOR DEL NÚMERO DE CONTROL | |
| Campo de control | ES-SlBCS |
| 005 - FECHA Y HORA DE LA ÚLTIMA TRANSACCIÓN | |
| Campo de control | 20210601131448.0 |
| 008 - CÓDIGOS DE INFORMACIÓN DE LONGITUD FIJA | |
| Campo de control de longitud fija | 140529s1913 xxu||||| |||| 00| 0 fre d |
| 041 ## - CÓDIGO DE LENGUA | |
| Código de lengua del texto/banda sonora o título independiente | fre |
| 100 1# - PUNTO DE ACCESO PRINCIPAL-NOMBRE DE PERSONA | |
| Nombre de persona | Bauchal, G. |
| 9 (RLIN) | 185289 |
| 245 00 - MENCIÓN DE TÍTULO | |
| Título | Le problème moral |
| Mención de responsabilidad, etc. | G. Bauchal |
| 650 04 - PUNTO DE ACCESO ADICIONAL DE MATERIA-TÉRMINO DE MATERIA | |
| Término de materia o nombre geográfico como elemento inicial | Problema Moral |
| 9 (RLIN) | 156346 |
| 773 0# - ENLACE AL DOCUMENTO FUENTE | |
| Título | Revue Philosophique de la France et de L'etranger |
| Parte(s) relacionada(s) | vol. 76, 1913, págs. 158-182 |
| Número de control del registro relacionado | Rev1701 |
| 942 ## - ENTRADA DE ELEMENTOS AGREGADOS (KOHA) | |
| Koha [por defecto] tipo de item | Artículos de revista |
| Suprimido | Perdido | Estropeado | No para préstamo | Localización permanente | Localización actual | Localización en estantería | Fecha adquisición | Préstamos totales | Fecha última consulta | Fecha del precio de reemplazo | Tipo de item de Koha |
|---|---|---|---|---|---|---|---|---|---|---|---|
| San Esteban | San Esteban | Depósito de revistas | 11/07/2014 | 11/07/2014 | 11/07/2014 | Artículos de revista |
